Monarchies in the world - Statistics

General Stats
  • This quiz has been taken 121 times
  • The average score is 31 of 43
Answers on the Map
Answers color-coded by a green-red scale on the quiz's map according to % correct below.
 
Answer Stats
king/queen/sultan/emperor/emir Answer % Correct
Charles III United Kingdom
98%
Salman Saudi Arabia
95%
Carl XVI Gustaf Sweden
95%
Felipe VI Spain
93%
Harald V Norway
92%
Mohamed bin Zayed Al Nahyan UAE
92%
Frederik X Denmark
89%
Haitham bin Tariq Oman
89%
Tamim bin Hamad Al Thani Qatar
85%
Hamad bin Isa Al Khalifa Bahrain
84%
Willem-Alexander The Netherlands
83%
Naruhito Japan
82%
Philippe Belgium
81%
Hassanal Bolkiah Brunei
81%
Henri Luxembourg
81%
Rama X Thailand
81%
charles III Australia
79%
Abdullah II Jordan
79%
Mishal Al-Ahmad Al-Jaber Al-Sabah Kuwait
79%
pope Francis Vatican City
78%
charles III Canada
76%
Albert II Monaco
75%
Mohammed VI Morocco
75%
Hans-Adam II Liechtenstein
73%
Charles III New-Zealand
71%
Joan Enric Vives i Sicília Andorra
68%
Jigme Khesar Namgyel Wangchuck Bhutan
68%
Norodom Sihamoni Cambodia
68%
Ibrahim Iskandar Malaysia
68%
Mswati III Eswatini
65%
Tupou VI Tonga
63%
Letsie III Lesotho
62%
charles III The Bahamas
61%
charles III Jamaica
56%
Charles III Saint Kitts andNevis
56%
charles III Antigua andBarbuda
54%
Charles III Saint Vincent andthe the Grenandines
54%
Charles III Saint Lucia
53%
charles III Grenada
49%
Charles III Tuvalu
49%
charles III Belize
46%
Charles III Solomon Islands
45%
Charles III Papua New Guinea
42%
No matching quizzes found
Score Distribution
Percent of People with Each Score
Percentile by Number Answered
Your Score History
You have not taken this quiz